[Event "6th EICC"]
[Site "Warsaw POL"]
[Date "2005.06.26"]
[Round "8"]
[White "Stocek,J"]
[Black "Iljin,A"]
[Result "1-0"]
[WhiteElo "2585"]
[BlackElo "2484"]
[EventDate "2005.06.18"]

1. d4 e6 2. e4 d5 3. e5 c5 4. c3 Qb6 5. Nf3 Nc6 6. Be2 cxd4 7. cxd4 Nh6 8.
Nc3 Nf5 9. Na4 Qa5+ 10. Bd2 Bb4 11. Bc3 b5 12. a3 Bxc3+ 13. Nxc3 b4 14.
axb4 Qxb4 15. O-O O-O 16. Nb5 Rb8 17. g4 Nfe7 18. Nxa7 Qxb2 19. Nxc6 Nxc6
20. Bd3 Bd7 21. Rb1 Qa3 22. Ra1 Qe7 23. g5 f6 24. gxf6 gxf6 25. Kh1 fxe5
26. Rg1+ Kh8 27. Bxh7 Be8 28. Bg6 Bxg6 29. Rxg6 Qh7 30. Rg4 Qf5 31. Nh4
Qxf2 32. Ng6+ Kh7 33. Nxf8+ Rxf8 34. Qd3+ 1-0

[Event "6th EICC"]
[Site "Warsaw POL"]
[Date "2005.06.26"]
[Round "8"]
[White "Galego,L"]
[Black "Neverov,V"]
[Result "1/2-1/2"]
[WhiteElo "2493"]
[BlackElo "2566"]
[EventDate "2005.06.18"]

1. e4 c5 2. Nf3 e6 3. Nc3 a6 4. g3 b5 5. Bg2 Bb7 6. d3 d6 7. O-O Nd7 8. Ng5
Ngf6 9. f4 Qc7 10. f5 exf5 11. Rxf5 g6 12. Rf1 Bg7 13. Nh3 O-O 14. a3 b4
15. axb4 cxb4 16. Na4 Rac8 17. Bd2 a5 18. c3 bxc3 19. bxc3 Ne5 20. Nf2 Nfd7
21. c4 f5 22. Nc3 fxe4 23. Ncxe4 Ra8 24. Rb1 Bc6 25. Bc3 Nc5 26. Qe2 Nf3+
27. Bxf3 Bxc3 28. Nxc3 Bxf3 29. Qe3 Rae8 30. Nfe4 Bxe4 31. Rxf8+ Kxf8 32.
dxe4 Qe7 33. Rd1 Qe5 34. Rd5 Qf6 35. Kg2 Kg7 36. Qd4 Qxd4 37. Rxd4 Re6 38.
Kf3 Kf7 39. Rd1 Ke8 40. Ra1 Nb7 41. Rb1 Re7 42. Rb5 Kd8 43. Ke3 Kc8 44. Nd5
Re5 45. Kd4 Re6 46. Nb6+ Kc7 47. Nd5+ Kc8 48. h4 Re8 49. Nf6 Re7 50. Nd5
Re8 51. g4 h6 52. g5 hxg5 53. hxg5 Nc5 54. e5 Ne6+ 55. Kc3 dxe5 56. Rxa5
Kb7 57. Nf6 Rf8 58. Rxe5 Nxg5 59. Nd5 Rf5 60. Re7+ Kc6 61. Rg7 Rxd5 62.
Rxg6+ Rd6 63. Rxg5 Rd1 1/2-1/2

[Event "6th EICC"]
[Site "Warsaw POL"]
[Date "2005.06.26"]
[Round "8"]
[White "Kovchan,A"]
[Black "Markowski,T"]
[Result "1/2-1/2"]
[WhiteElo "2488"]
[BlackElo "2560"]
[EventDate "2005.06.18"]

1. e4 c5 2. Nf3 e6 3. d4 cxd4 4. Nxd4 a6 5. Nc3 b5 6. Be3 Bb7 7. f3 Ne7 8.
Qd2 Nec6 9. O-O-O d6 10. Kb1 Nxd4 11. Bxd4 Nc6 12. Bf2 Be7 13. Bg3 Qa5 14.
e5 d5 15. Ne2 Qxd2 16. Rxd2 h5 17. h4 b4 18. Nd4 Nxd4 19. Rxd4 Bc5 20. Rd1
a5 21. Bd3 Ba6 22. Rhf1 Kd7 23. Bf2 Rhc8 24. g4 Bxf2 25. Rxf2 Rh8 26. g5
Rhc8 27. f4 Bxd3 28. cxd3 g6 29. Rc2 Rxc2 30. Kxc2 a4 31. Kd2 Rc8 32. Rc1
1/2-1/2

[Event "6th EICC"]
[Site "Warsaw POL"]
[Date "2005.06.26"]
[Round "8"]
[White "Firman,N"]
[Black "Nijboer,F"]
[Result "1/2-1/2"]
[WhiteElo "2471"]
[BlackElo "2553"]
[EventDate "2005.06.18"]

1. e4 d6 2. d4 Nf6 3. Nc3 g6 4. Be3 c6 5. Qd2 Nbd7 6. f3 b5 7. g4 Nb6 8. h4
h5 9. g5 Nfd7 10. d5 Ne5 11. dxc6 Nbc4 12. Bxc4 Nxc4 13. Qd4 Rg8 14. Nge2
Be6 15. Qd3 Qc8 16. Nd4 Nxb2 17. Qxb5 Rb8 18. Qa5 Bg7 19. Rb1 Bxd4 20. Bxd4
Qxc6 21. Qa3 Qc4 22. Bxa7 Qb4 23. Qxb4 Rxb4 24. Be3 Kd7 25. Bc1 Rgb8 26.
Rxb2 Rxb2 27. Bxb2 Rxb2 28. Kd2 Kc6 29. Ra1 f6 30. Rg1 f5 31. a3 Rb8 32.
Re1 fxe4 33. Rxe4 Kd7 34. Ra4 Rb7 35. Rb4 Ra7 36. Nb5 Ra5 37. a4 Bd5 38.
Ke3 Ra8 39. c4 Bc6 40. Nc3 Ke6 41. Nb5 Kd7 42. f4 e6 43. Nc3 Kc7 44. Kd3
Rf8 45. Ke3 Ra8 46. Kd3 Rf8 47. Ne2 e5 48. Ke3 Re8 49. Kd2 Rf8 50. fxe5
dxe5 51. c5 Rf2 52. a5 Rf8 53. a6 Rd8+ 54. Ke3 Rd1 55. Nc3 Re1+ 56. Kd3 Ra1
57. Rb6 Rh1 58. Nb5+ Bxb5+ 59. Rxb5 Rxh4 60. Ra5 Rd4+ 61. Ke3 Kb8 62. Rb5+
Ka7 63. Rb6 h4 64. Rxg6 h3 65. Kf3 e4+ 66. Kg3 e3 67. Re6 Rg4+ 68. Kxh3
Rxg5 69. Rxe3 1/2-1/2

[Event "6th EICC"]
[Site "Warsaw POL"]
[Date "2005.06.26"]
[Round "8"]
[White "Shomoev,A"]
[Black "Williams,Si"]
[Result "1-0"]
[WhiteElo "2540"]
[BlackElo "2466"]
[EventDate "2005.06.18"]

1. e4 c5 2. Nf3 d6 3. d4 cxd4 4. Nxd4 Nf6 5. Nc3 g6 6. Be3 Bg7 7. f3 Nc6 8.
Qd2 O-O 9. Bc4 Bd7 10. O-O-O Rb8 11. Nd5 Ne5 12. Be2 Nxd5 13. exd5 b5 14.
Bh6 Nc4 15. Bxc4 Bxh6 16. Qxh6 bxc4 17. Rhe1 Qa5 18. Re4 e5 19. Rh4 Rfd8
20. Qxh7+ Kf8 21. Qh6+ Ke8 22. Qg5 Ba4 23. Nc6 1-0

[Event "6th EICC"]
[Site "Warsaw POL"]
[Date "2005.06.26"]
[Round "8"]
[White "Tzermiadianos,And"]
[Black "Gouliev,N"]
[Result "0-1"]
[WhiteElo "2453"]
[BlackElo "2526"]
[EventDate "2005.06.18"]

1. e4 c5 2. c3 d5 3. exd5 Qxd5 4. d4 Nf6 5. Nf3 Bg4 6. dxc5 Qxc5 7. Be3 Qc8
8. Na3 Nbd7 9. h3 Be6 10. Be2 g6 11. O-O Bg7 12. Nd4 Bd5 13. c4 Be4 14.
Nab5 b6 15. Nc3 Bb7 16. Rc1 O-O 17. Nd5 Qd8 18. Bf3 Rb8 19. Nc6 Bxc6 20.
Nxf6+ Bxf6 21. Bxc6 Nc5 22. b4 Nd3 23. Rb1 Rc8 24. Bb5 a5 25. c5 Nxb4 26.
cxb6 Nxa2 27. b7 Rb8 28. Bc6 Qc7 29. Qf3 Nc3 30. Bb6 Qd6 31. Ra1 Ne2+ 32.
Kh1 Bxa1 33. Rxa1 Rxb7 34. Bxb7 Qxb6 35. Qxe2 Qxb7 36. Rxa5 Rc8 37. Ra1 Rc3
38. Kg1 Qc7 39. Qd2 Kg7 40. g3 Qc5 41. Kg2 Rc2 42. Qe1 e5 43. Kg1 e4 44.
Ra5 Qc4 45. Qa1+ Qc3 46. Qxc3+ Rxc3 47. Re5 Rc4 48. h4 Kf6 49. Ra5 h5 50.
Ra2 Kf5 51. Kg2 Rc5 52. Re2 Ke5 53. Ra2 Rb5 54. Ra7 f6 55. Re7+ Kf5 56. Re8
Rb3 57. Re7 Rd3 58. Re8 Rd7 59. Kg1 Rd5 60. Kg2 Re5 61. Ra8 Kg4 62. Ra6 Kf5
63. Ra7 Re8 64. Ra5+ Re5 65. Ra7 Rd5 66. Re7 Rd4 67. Re8 g5 68. hxg5 Kxg5
69. Rg8+ Kf5 70. Rh8 Kg6 71. Re8 Rc4 72. Rg8+ Kf7 73. Rh8 Rc5 74. Ra8 Rc2
75. Kg1 Kg6 76. Ra5 f5 77. Re5 Kg5 78. Re8 Rc6 79. Kg2 Rc7 80. Re6 h4 81.
gxh4+ Kxh4 82. Rg6 Rc2 83. Re6 Kg4 84. Re7 Kf4 85. Re8 Rc7 86. Ra8 Rg7+ 87.
Kf1 Kg4 88. Kg2 Rg6 89. Ra4 Kf4+ 90. Kf1 Rd6 91. Ke2 Rb6 92. Ra2 Rb3 93.
Ra5 Rb2+ 94. Kf1 Kg4 95. Re5 Rb4 96. Kg2 Kf4 97. Re8 Rb6 98. Rg8 Rd6 99.
Rg7 Ke5 100. Rg8 f4 101. Rg5+ Kd4 102. Rg8 Rh6 103. Rd8+ Ke5 104. Re8+ Kf5
105. Rf8+ Rf6 106. Re8 Rg6+ 107. Kf1 Re6 108. Rf8+ Kg4 109. Kg2 f3+ 110.
Kh2 Re5 111. Rf7 Rf5 112. Re7 Kf4 113. Kg1 Rg5+ 114. Kf1 Ra5 115. Rf7+ Ke5
116. Re7+ Kf5 0-1

[Event "6th EICC"]
[Site "Warsaw POL"]
[Date "2005.06.26"]
[Round "8"]
[White "Mchedlishvili,M"]
[Black "Siebrecht,S"]
[Result "1/2-1/2"]
[WhiteElo "2518"]
[BlackElo "2438"]
[EventDate "2005.06.18"]

1. d4 Nf6 2. c4 g6 3. Nc3 d5 4. cxd5 Nxd5 5. Bd2 Bg7 6. e4 Nxc3 7. Bxc3 O-O
8. Rc1 e5 9. dxe5 Qe7 10. f4 Nc6 11. Nf3 Bg4 12. Kf2 Rad8 13. Qc2 g5 14. g3
Qc5+ 15. Kg2 gxf4 16. Be2 Qe3 17. Rce1 fxg3 18. hxg3 Qc5 19. Qb3 Bxf3+ 20.
Bxf3 Bxe5 21. Rh5 Nd4 22. Qd1 f6 23. Reh1 Rf7 24. Bg4 Rg7 25. R1h3 Qd6 26.
Bf5 Nxf5 27. Qb3+ Kh8 28. Rxf5 Bxg3 29. Rd5 Be5+ 30. Kf3 Qe7 31. Qxb7 Bxc3
32. bxc3 Re8 33. Rf5 Qa3 34. Qc6 Rf8 35. Qc5 Qxc5 36. Rxc5 Rb8 37. Rhh5 Rb6
1/2-1/2

[Event "6th EICC"]
[Site "Warsaw POL"]
[Date "2005.06.26"]
[Round "8"]
[White "Romanov,E"]
[Black "L'Ami,E"]
[Result "1/2-1/2"]
[WhiteElo "2437"]
[BlackElo "2515"]
[EventDate "2005.06.18"]

1. e4 c6 2. d4 d5 3. Nd2 dxe4 4. Nxe4 Bf5 5. Ng3 Bg6 6. h4 h6 7. Nf3 Nd7 8.
h5 Bh7 9. Bd3 Bxd3 10. Qxd3 e6 11. Bf4 Qa5+ 12. Bd2 Bb4 13. c3 Be7 14. c4
Qc7 15. d5 cxd5 16. cxd5 Qd6 17. Qb3 Ngf6 18. dxe6 Qxe6+ 19. Qxe6 fxe6 20.
O-O-O Bc5 21. Rhf1 O-O 22. Bc3 Nd5 23. Bd4 Rac8 24. Kb1 N7f6 25. Nh4 Bd6
26. Ng6 Rfe8 27. Bxf6 gxf6 28. Ne4 Be7 29. g4 Kf7 30. a3 Red8 31. Rfe1 Rc4
32. Rc1 b5 33. Rxc4 bxc4 34. Kc2 Bd6 35. Rd1 Bc7 36. Nc3 Bb6 37. Rd2 Ba5
38. Rd1 Bxc3 39. bxc3 Rb8 40. Rd4 Rc8 41. Nh4 Rc5 42. Nf3 Ke7 43. Re4 Ra5
44. Rxc4 Rxa3 45. Kd2 Ra6 46. Rc8 Rb6 47. Kc2 Ra6 1/2-1/2

[Event "6th EICC"]
[Site "Warsaw POL"]
[Date "2005.06.26"]
[Round "8"]
[White "Kempinski,R"]
[Black "Sergeev,Vl"]
[Result "1-0"]
[WhiteElo "2627"]
[BlackElo "2458"]
[EventDate "2005.06.18"]

1. d4 Nf6 2. c4 c6 3. Nc3 d5 4. e3 a6 5. Qc2 e6 6. Nf3 c5 7. a3 cxd4 8.
exd4 dxc4 9. Bxc4 b5 10. Bb3 Bb7 11. Qe2 Be7 12. O-O Nc6 13. Rd1 Na5 14.
Ba2 O-O 15. Bg5 Bxf3 16. Qxf3 Nc4 17. Qe2 Nb6 18. Rd3 Re8 19. Re1 Nfd5 20.
Bxe7 Rxe7 21. Qe5 Rc8 22. Rg3 g6 23. h4 Nd7 24. Qg5 Nxc3 25. bxc3 Re8 26.
Qh6 Qf6 27. h5 Qg7 28. Qf4 Rcd8 29. Ree3 Nb6 30. Qg5 Rc8 31. Re4 Nd7 32.
hxg6 hxg6 33. Rh4 Qf6 34. Qh6 Qg7 35. Qd2 Qf6 36. Rgh3 Nf8 37. Qe3 e5 38.
Rh8+ Qxh8 39. Bxf7+ Kxf7 40. Rxh8 exd4 41. Qxd4 Rc6 42. Rh7+ Nxh7 43. Qd7+
Kf6 44. Qxe8 Rc7 45. Qa8 Kf7 46. Qd5+ Ke7 47. Qe5+ Kd7 48. Qg7+ Kc8 49.
Qxg6 Kb7 50. g4 Nf8 51. Qe4+ Kb6 52. Qd4+ Kb7 53. Qd5+ Kb8 54. Qd8+ 1-0

[Event "6th EICC"]
[Site "Warsaw POL"]
[Date "2005.06.26"]
[Round "8"]
[White "Petrosian,TL"]
[Black "Khmelniker,I"]
[Result "1/2-1/2"]
[WhiteElo "2599"]
[BlackElo "2458"]
[EventDate "2005.06.18"]

1. Nf3 Nf6 2. g3 g6 3. Bg2 Bg7 4. d4 O-O 5. c4 d6 6. Nc3 c6 7. O-O Bf5 8.
Nh4 Be6 9. d5 cxd5 10. cxd5 Bd7 11. Be3 Ng4 12. Bd4 Bxd4 13. Qxd4 Qb6 14.
Qxb6 axb6 15. h3 Ne5 16. b3 Rc8 17. Rfc1 g5 18. Nf3 Nxf3+ 19. Bxf3 Na6 20.
g4 h6 21. Kf1 Nc5 22. Rab1 Ra3 23. Rb2 b5 24. Rbc2 b4 25. Ne4 b6 26. Rc4
Kg7 27. R1c2 b5 28. Rxb4 Nxe4 29. Bxe4 Rxc2 30. Bxc2 Rxa2 31. Bd3 Ra8 32.
Ke1 Rc8 33. Kd2 Rc5 34. Be4 Kf6 35. Bf3 Bc8 36. Rd4 Ke5 37. Rd3 Bb7 38. Bh1
b4 39. Re3+ Kf6 40. Rf3+ Kg7 41. Rd3 e6 42. Rd4 Rb5 43. e4 Kf6 44. dxe6
Kxe6 45. Ke3 Bc6 46. Bf3 Bd7 47. Be2 Rb8 48. Bc4+ Ke7 49. Bd5 Rc8 50. Rxb4
Rc3+ 51. Kd4 Rxh3 52. Rb7 Kd8 53. b4 Bxg4 54. Rxf7 Be2 55. e5 Rh4+ 56. Ke3
Bc4 57. Bxc4 Rxc4 58. exd6 Rxb4 59. Rh7 Rh4 60. f3 Ke8 61. Ra7 Kd8 62. Re7
Kc8 63. Kd3 Kd8 64. Rh7 Kc8 65. Ke2 Kd8 66. Kf2 Kc8 67. Kg3 Kd8 68. Re7 Kc8
69. Rc7+ Kd8 70. Ra7 Kc8 1/2-1/2

[Event "6th EICC"]
[Site "Warsaw POL"]
[Date "2005.06.26"]
[Round "8"]
[White "Hulak,K"]
[Black "Bakalarz,M"]
[Result "1/2-1/2"]
[WhiteElo "2534"]
[BlackElo "2408"]
[EventDate "2005.06.18"]

1. c4 Nf6 2. g3 g6 3. Bg2 d5 4. cxd5 Nxd5 5. Qb3 c6 6. Nc3 e6 7. Nf3 Qb6 8.
Qa4 Qb4 9. Qc2 Bg7 10. O-O O-O 11. e4 Nxc3 12. bxc3 Qa5 13. d4 c5 14. Rd1
Bd7 15. a4 Rc8 16. Qb3 cxd4 17. cxd4 Qc3 18. Qb1 Qc2 19. Be3 Qxb1 20. Rdxb1
b6 21. a5 bxa5 22. Rxa5 Nc6 23. Ra6 Rab8 24. Rba1 Rb4 25. Rd1 Rcb8 26. d5
Rb1 27. Rf1 Rxf1+ 28. Bxf1 exd5 29. exd5 Nb4 30. Rxa7 Bg4 31. Bf4 Rc8 32.
Ne5 Bxe5 33. Bxe5 Nxd5 34. h3 Be6 35. Ra6 Rc1 36. Kg2 Nc7 37. Ra7 Ne8 38.
Bd3 f6 39. Ba1 Bd5+ 40. f3 Rd1 41. Be2 Rd2 42. Kf1 Ra2 43. Rxa2 Bxa2 44. h4
Kf7 45. Kf2 Nd6 46. g4 h5 47. Kg3 Bc4 48. Bd1 hxg4 49. fxg4 f5 50. g5 Ke6
51. Kf4 Nc8 52. h5 gxh5 53. g6 h4 54. g7 Ne7 55. Bc2 Kf7 56. Bd1 Kg6 57.
Bc2 Kf7 58. Bd4 h3 59. Kg3 f4+ 60. Kxh3 Be6+ 1/2-1/2

[Event "6th EICC"]
[Site "Warsaw POL"]
[Date "2005.06.26"]
[Round "8"]
[White "Gajewski,G"]
[Black "Bagheri,A"]
[Result "1-0"]
[WhiteElo "2396"]
[BlackElo "2518"]
[EventDate "2005.06.18"]

1. Nf3 Nf6 2. c4 e6 3. d4 Bb4+ 4. Nbd2 b6 5. a3 Bxd2+ 6. Bxd2 h6 7. Bf4 Bb7
8. e3 d6 9. h3 Nbd7 10. Be2 Qe7 11. Bh2 Ne4 12. O-O O-O 13. Qc2 f5 14. b4
c5 15. bxc5 bxc5 16. Rab1 Rab8 17. Rfd1 cxd4 18. Nxd4 a6 19. c5 Nexc5 20.
Rxb7 Rxb7 21. Nc6 Qf6 22. Bxd6 Rb2 23. Qc4 Rf7 24. Bh5 g6 25. Bxg6 Qxg6 26.
Ne7+ Rxe7 27. Bxe7 Rb5 28. a4 Ra5 29. Bxc5 Rxc5 30. Qxa6 Nf8 31. Qb6 Rc8
32. Rd8 Rc1+ 33. Kh2 Qf6 34. a5 f4 35. Rd4 fxe3 36. Rg4+ Kh8 37. Qxe3 Ra1
38. Rf4 Qg7 39. Qf3 Ng6 40. Rf7 Qe5+ 41. g3 Rxa5 42. Qd3 Qg5 43. Qc3+ Ne5
44. Qc8+ Qg8 45. Rf8 Nf3+ 46. Kg2 Nh4+ 47. Kf1 1-0

[Event "6th EICC"]
[Site "Warsaw POL"]
[Date "2005.06.26"]
[Round "8"]
[White "Lagowski,P"]
[Black "Khairullin,I"]
[Result "1-0"]
[WhiteElo "2393"]
[BlackElo "2517"]
[EventDate "2005.06.18"]

1. d4 f5 2. c4 Nf6 3. Nc3 g6 4. f3 d6 5. e4 Bg7 6. e5 Ng8 7. f4 c5 8. Be3
cxd4 9. Bxd4 Nc6 10. Nf3 Nh6 11. c5 dxe5 12. Bxe5 Nxe5 13. Qxd8+ Kxd8 14.
Nxe5 Bxe5 15. fxe5 Be6 16. O-O-O+ Ke8 17. Be2 Nf7 18. Bf3 Nd8 19. b4 Kf7
20. Kb2 a6 21. Na4 Rc8 22. a3 Nc6 23. Rhe1 g5 24. Nb6 Rcd8 25. Kc3 g4 26.
Bxc6 bxc6 27. a4 Kg6 28. g3 f4 29. gxf4 h5 30. b5 cxb5 31. axb5 axb5 32.
Kb4 h4 33. c6 1-0

[Event "6th EICC"]
[Site "Warsaw POL"]
[Date "2005.06.26"]
[Round "8"]
[White "Guseinov,El"]
[Black "Ibrahimov,R"]
[Result "1/2-1/2"]
[WhiteElo "2391"]
[BlackElo "2511"]
[EventDate "2005.06.18"]

1. c4 c5 2. Nc3 g6 3. Nf3 Bg7 4. e3 Nf6 5. d4 cxd4 6. exd4 d5 7. cxd5 Nxd5
8. Bc4 Nb6 9. Bb3 O-O 10. h3 Nc6 11. Be3 Na5 12. Bc2 Nac4 13. Bc1 Nd6 14.
Bb3 Nf5 15. d5 e6 16. Bg5 f6 17. dxe6 Qe7 18. Bf4 Bxe6 19. O-O Rfd8 20.
Bxe6+ Qxe6 21. Qb3 Qxb3 22. axb3 Nd5 23. Nxd5 Rxd5 24. Rfc1 g5 25. Bd2 Rd7
26. Bc3 a6 27. Re1 Kf7 28. Ra4 Rad8 29. Rae4 Rd1 30. g4 Rxe1+ 31. Rxe1 Rd3
32. Kg2 Ne7 33. Nxg5+ fxg5 34. Bxg7 Ng6 35. Bc3 Nf4+ 36. Kg1 Nxh3+ 37. Kh2
Nf4 38. Re5 h6 39. Rf5+ Ke7 40. Re5+ Kd6 41. Re3 Rd5 1/2-1/2

[Event "6th EICC"]
[Site "Warsaw POL"]
[Date "2005.06.26"]
[Round "8"]
[White "Frolyanov,D"]
[Black "Marzolo,C"]
[Result "1-0"]
[WhiteElo "2505"]
[BlackElo "2388"]
[EventDate "2005.06.18"]

1. e4 c5 2. Nf3 d6 3. d4 cxd4 4. Nxd4 Nf6 5. Nc3 a6 6. Be2 e6 7. O-O Be7 8.
f4 O-O 9. a4 Nc6 10. Kh1 Bd7 11. Be3 Qc7 12. Qe1 Nb4 13. Qg3 Kh8 14. e5
Nfd5 15. Bd2 Nxc3 16. Bxc3 dxe5 17. Nxe6 Bxe6 18. Bxe5 Qxe5 19. fxe5 Nxc2
20. Rad1 b6 21. Bd3 Nb4 22. Bf5 Bd5 23. Qh3 g6 24. Bd7 1-0

[Event "6th EICC"]
[Site "Warsaw POL"]
[Date "2005.06.26"]
[Round "8"]
[White "Urban,K"]
[Black "Tazbir,M"]
[Result "1/2-1/2"]
[WhiteElo "2497"]
[BlackElo "2322"]
[EventDate "2005.06.18"]

1. d4 d5 2. c4 dxc4 3. Nf3 Nf6 4. e3 a6 5. Bxc4 b5 6. Be2 Bb7 7. Nbd2 e6 8.
Nb3 Nbd7 9. O-O c5 10. dxc5 Nxc5 11. Qxd8+ Rxd8 12. Nfd4 Bd5 13. Rd1 Nfd7
14. Na5 Na4 15. Bf3 Bxf3 16. Nxf3 Rc8 1/2-1/2

[Event "6th EICC"]
[Site "Warsaw POL"]
[Date "2005.06.26"]
[Round "8"]
[White "Grabarczyk,M"]
[Black "Erturan,Y"]
[Result "1/2-1/2"]
[WhiteElo "2487"]
[BlackElo "2277"]
[EventDate "2005.06.18"]

1. d4 Nf6 2. c4 e6 3. Nf3 b6 4. g3 Bb7 5. Bg2 c5 6. d5 exd5 7. Nh4 g6 8.
Nc3 Bg7 9. cxd5 O-O 10. O-O d6 11. e4 Na6 12. Bf4 Nc7 13. a3 b5 14. Qd2 a5
15. Nd1 Qd7 16. Bh6 b4 17. Bxg7 Kxg7 18. Ne3 Nb5 19. Nc4 Qe7 20. Rae1 Nd7
21. f4 Nd4 22. e5 Ba6 23. Nxd6 Bxf1 24. Bxf1 Qxh4 25. Qxd4 cxd4 26. gxh4
Nb6 27. Bg2 Na4 28. e6 fxe6 29. dxe6 Ra6 30. Nb5 Nxb2 31. e7 d3 32. exf8=Q+
Kxf8 33. Rb1 d2 34. Bf3 bxa3 35. Nxa3 Rb6 36. Be2 a4 37. Nc2 Kg7 38. Ne3 a3
39. Ra1 Rc6 40. Rxa3 Rc1+ 41. Kg2 d1=Q 42. Bxd1 Nxd1 43. Ra7+ Kf6 44. Ng4+
Kf5 45. Rf7+ Ke4 46. h5 gxh5 47. Nf6+ Kxf4 48. Nxh7+ Ke5 49. Kg3 Rc4 50. h3
Nc3 51. Ng5 Ne4+ 52. Nxe4 Rxe4 1/2-1/2

[Event "6th EICC"]
[Site "Warsaw POL"]
[Date "2005.06.26"]
[Round "8"]
[White "Kachur,A"]
[Black "Czarnota,P"]
[Result "0-1"]
[WhiteElo "2281"]
[BlackElo "2478"]
[EventDate "2005.06.18"]

1. d4 Nf6 2. c4 g6 3. Nc3 Bg7 4. e4 d6 5. f3 O-O 6. Be3 a6 7. Nge2 Nfd7 8.
Qd2 c5 9. Rd1 Nc6 10. d5 Nce5 11. Nc1 b5 12. cxb5 Qa5 13. Nb3 Qb4 14. b6
Nxb6 15. Nb1 a5 16. Na3 Ba6 17. Bxa6 Rxa6 18. Nc2 Nd3+ 19. Ke2 Qxd2+ 20.
Nxd2 Nxb2 21. Rc1 N6a4 22. Nb1 Nc4 23. Bg5 Rb8 24. Bxe7 Bh6 25. Nca3 Bxc1
26. Rxc1 Rb2+ 27. Kf1 Ne3+ 28. Kg1 h6 29. Nc3 Rxg2+ 30. Kh1 Nxc3 31. Rxc3
Re2 32. Rxe3 Rxe3 33. Nc4 Rxf3 34. Kg2 Rc3 35. Nxd6 Rb6 0-1

[Event "6th EICC"]
[Site "Warsaw POL"]
[Date "2005.06.26"]
[Round "8"]
[White "Kristjansson,St"]
[Black "Esen,B"]
[Result "1/2-1/2"]
[WhiteElo "2461"]
[BlackElo "2287"]
[EventDate "2005.06.18"]

1. e4 e6 2. d4 d5 3. Nc3 Bb4 4. e5 c5 5. Bd2 Ne7 6. Nf3 cxd4 7. Nb5 Bxd2+
8. Qxd2 O-O 9. O-O-O Nbc6 10. Bd3 f6 11. exf6 gxf6 12. Qh6 Rf7 13. g4 e5
14. g5 f5 15. Nh4 Rg7 16. f4 e4 17. Be2 Ng6 18. Nxg6 hxg6 19. Qh3 Qb6 20.
Qb3 Be6 21. Kb1 Qc5 22. h4 a6 23. Qa3 b6 24. h5 Qxa3 25. Nxa3 gxh5 26. Rxh5
b5 27. Rh6 Kf7 28. Kc1 Rc8 29. Kd2 Ke7 30. Rdh1 Kd7 31. Bd1 Ne7 32. Bh5 Ng8
33. Rh8 Ne7 34. Rh6 Ng8 35. Rh8 Ne7 36. Rh6 1/2-1/2

[Event "6th EICC"]
[Site "Warsaw POL"]
[Date "2005.06.26"]
[Round "8"]
[White "Kuraszkiewicz,M"]
[Black "Anastasian,A"]
[Result "0-1"]
[WhiteElo "2300"]
[BlackElo "2574"]
[EventDate "2005.06.18"]

1. d4 Nf6 2. c4 e6 3. Nf3 b6 4. g3 Ba6 5. Qb3 Nc6 6. Nbd2 d5 7. Qa4 Bb7 8.
Bg2 Bd6 9. O-O O-O 10. a3 a5 11. Qc2 a4 12. Rd1 h6 13. e4 dxe4 14. Nxe4
Nxe4 15. Qxe4 Na5 16. Qc2 Qf6 17. d5 exd5 18. cxd5 Nb3 19. Rb1 Ra5 20. Qc4
Qf5 21. Be3 Bxd5 22. Qe2 Re8 23. Nh4 Qe6 24. Bxd5 Rxd5 25. Rxd5 Qxd5 26.
Rd1 Qe4 27. Qb5 Re5 28. Qd7 Nc5 29. Qb5 Qa8 30. Qc4 Ne4 31. Nf3 Nxg3 32.
Rxd6 cxd6 33. Qg4 Ne2+ 34. Kf1 Re4 35. Qh5 Nf4 0-1

[Event "6th EICC"]
[Site "Warsaw POL"]
[Date "2005.06.26"]
[Round "8"]
[White "Asauskas,H"]
[Black "Khismatullin,D"]
[Result "0-1"]
[WhiteElo "2357"]
[BlackElo "2572"]
[EventDate "2005.06.18"]

1. e4 c5 2. Nf3 d6 3. d4 cxd4 4. Nxd4 Nf6 5. Nc3 a6 6. Bc4 e6 7. Bb3 Nbd7
8. f4 Nc5 9. Qf3 Be7 10. g4 b5 11. f5 b4 12. fxe6 fxe6 13. Na4 Nxb3 14.
Qxb3 Nxg4 15. O-O Bf6 16. Qxb4 O-O 17. Bf4 e5 18. Nc6 Qe8 0-1

[Event "6th EICC"]
[Site "Warsaw POL"]
[Date "2005.06.26"]
[Round "8"]
[White "Neubauer,M"]
[Black "Guadalpi,D"]
[Result "0-1"]
[WhiteElo "2457"]
[BlackElo "2317"]
[EventDate "2005.06.18"]

1. e4 e5 2. Nf3 Nc6 3. Bb5 a6 4. Ba4 Nf6 5. O-O b5 6. Bb3 Bc5 7. d3 d6 8.
c3 O-O 9. Be3 h6 10. Nbd2 Ng4 11. Bxc5 dxc5 12. Bd5 Qd6 13. h3 Nf6 14. Bxc6
Qxc6 15. Nxe5 Qd6 16. f4 Bb7 17. Qe2 Rad8 18. Rad1 Rfe8 19. Qe3 Nh5 20. Nb3
c4 21. Nc5 Ba8 22. dxc4 Qxd1 23. Rxd1 Rxd1+ 24. Kh2 Red8 25. Nxa6 Rf1 26.
Qe2 Rh1+ 27. Kxh1 Ng3+ 28. Kh2 Nxe2 29. cxb5 Bxe4 30. Nxc7 Nxf4 31. Nc4 Nd5
32. Na6 Bd3 33. b3 Rc8 34. b6 Bxc4 35. b7 Bxa6 36. bxc8=Q+ Bxc8 37. c4 Nb4
38. a3 Nc2 39. a4 Kf8 40. Kg3 Ke7 41. Kf4 Kd6 42. h4 Kc5 43. g4 Nd4 44. g5
Ne6+ 0-1

[Event "6th EICC"]
[Site "Warsaw POL"]
[Date "2005.06.26"]
[Round "8"]
[White "Maier,C"]
[Black "Bugajski,R"]
[Result "1/2-1/2"]
[WhiteElo "2387"]
[BlackElo "2218"]
[EventDate "2005.06.18"]

1. e4 c5 2. Nf3 e6 3. Nc3 Nc6 4. Bb5 Nge7 5. d4 cxd4 6. Nxd4 Nxd4 7. Qxd4
a6 8. Bd3 Nc6 9. Qe3 Qc7 10. O-O b5 11. Qh3 Bb7 12. f4 Bc5+ 13. Kh1 O-O-O
14. f5 Rde8 15. Bf4 d6 16. Rad1 Nd4 17. b4 Ba7 18. Bd2 Kb8 19. fxe6 fxe6
20. a4 bxa4 21. Nxa4 h6 22. c3 Nc6 23. b5 Ne5 24. b6 Bxb6 25. Rb1 Nxd3 26.
Nxb6 Nc5 27. e5 Rhf8 28. Rxf8 Rxf8 29. Be3 Rf5 30. exd6 Qxd6 31. Bd4 Ne4
32. Qxf5 exf5 33. Be5 Qxe5 34. Nd7+ Ka7 35. Nxe5 Nxc3 36. Rc1 Nd5 37. Rc5
h5 38. Kg1 g5 39. Nc4 Ba8 40. Kf2 h4 41. Rc8 Nf4 42. g3 Nh3+ 43. Ke3 hxg3
44. hxg3 f4+ 45. gxf4 gxf4+ 46. Kd4 f3 47. Rc7+ Kb8 48. Rf7 Ng5 49. Rf6 Ka7
50. Ke3 Bd5 51. Nd2 Ne6 52. Nxf3 Bxf3 53. Rxe6 Bd5 54. Rd6 Bc4 55. Kd4 Bb5
56. Kc5 Kb7 57. Rg6 Kc7 58. Rg7+ Kd8 59. Kd6 Kc8 60. Rg8+ Kb7 61. Rf8 Bc4
62. Rf2 Bb5 63. Rf7+ 1/2-1/2

[Event "6th EICC"]
[Site "Warsaw POL"]
[Date "2005.06.26"]
[Round "8"]
[White "Babujian,L"]
[Black "Bente,B"]
[Result "1-0"]
[WhiteElo "2386"]
[BlackElo "2218"]
[EventDate "2005.06.18"]

1. e4 c5 2. Nc3 Nc6 3. Bb5 Nd4 4. Bc4 e6 5. Nf3 Nf6 6. O-O a6 7. e5 d5 8.
exf6 dxc4 9. fxg7 Bxg7 10. d3 cxd3 11. cxd3 Bd7 12. Nxd4 Bxd4 13. Ne4 Bc6
14. Bg5 f6 15. Qh5+ Ke7 16. Bh4 Qd5 17. Qh6 Rhf8 18. Rac1 Qf5 19. Rfe1 Rf7
20. Bg3 Bxe4 21. dxe4 Qg5 22. Qh3 Rg8 23. e5 Rg6 24. exf6+ Rgxf6 25. Bh4
Qxh4 26. Rxe6+ Kf8 27. Qxh4 Bxf2+ 28. Qxf2 Rxf2 29. Rb6 Rd2 30. Rf1 Rdd7
31. g4 Ke8 32. Rxf7 Rxf7 33. Kg2 Kd8 34. g5 c4 35. h4 Kc7 36. Rh6 a5 37. a4
Kd8 38. Rd6+ Ke8 39. Rb6 Kf8 40. Kg3 Kg8 41. Rb5 Rc7 42. Rxa5 c3 43. bxc3
Rxc3+ 44. Kg4 Ra3 45. Ra8+ Kg7 46. Ra7 Kg8 47. a5 Ra4+ 48. Kf5 Rb4 49. h5
Rb1 50. h6 Rf1+ 51. Ke6 Re1+ 52. Kd6 Ra1 53. Kc7 Kf7 54. Rxb7 Kg6 55. Rb5
1-0

[Event "6th EICC"]
[Site "Warsaw POL"]
[Date "2005.06.26"]
[Round "8"]
[White "Warakomski,T"]
[Black "Godlauskas,K"]
[Result "1-0"]
[WhiteElo "2384"]
[BlackElo "2193"]
[EventDate "2005.06.18"]

1. e4 e6 2. d4 d5 3. Nd2 c5 4. Ngf3 Nf6 5. exd5 exd5 6. Bb5+ Bd7 7. Qe2+
Be7 8. dxc5 O-O 9. O-O Bxc5 10. Nb3 Bb6 11. Bf4 a6 12. Bxd7 Nbxd7 13. Rad1
Rc8 14. Qd3 Rc4 15. Nbd4 Nc5 16. Qf5 Nce4 17. c3 Qc8 18. Be5 Bc7 19. Qf4
Re8 20. Bxc7 Qxc7 21. Qh4 b5 22. a3 Qb8 23. Ne1 Nd6 24. Qh3 Rcc8 25. Nd3
Nc4 26. Nf5 Re2 27. Qh4 Re4 28. Qg5 g6 29. Qxf6 gxf5 30. Qxf5 Rd8 31. Nc5
Re5 32. Qg4+ Kh8 33. Nd7 1-0

[Event "6th EICC"]
[Site "Warsaw POL"]
[Date "2005.06.26"]
[Round "8"]
[White "Szoen,D"]
[Black "Citak,S"]
[Result "1/2-1/2"]
[WhiteElo "2444"]
[BlackElo "2351"]
[EventDate "2005.06.18"]

1. e4 e5 2. Nf3 Nf6 3. Nxe5 d6 4. Nf3 Nxe4 5. d4 d5 6. Bd3 Be7 7. O-O Nc6
8. Re1 Bg4 9. c3 f5 10. Qb3 O-O 11. Nbd2 Na5 12. Qa4 Nc6 13. Qb3 Na5 14.
Qb5 c6 15. Qa4 b5 16. Qc2 Nc4 17. Bxc4 bxc4 18. Ne5 Bd6 19. Nxe4 Bxe5 20.
Ng5 Bd6 21. h3 Bh5 22. Ne6 Re8 23. Qxf5 Bg6 24. Qg4 Qf6 25. Bg5 Qf5 26. Nf4
Qxg4 27. hxg4 Bf7 28. Nh3 Rab8 29. Rxe8+ Bxe8 30. Re1 Bd7 31. Bf4 Bxf4 32.
Nxf4 Kf7 33. f3 Rxb2 34. Re2 Rb1+ 35. Kf2 Rc1 36. Rb2 Rxc3 37. Rb7 Rc2+ 38.
Ke3 Ke7 39. Rxa7 g5 40. Ne2 Kd6 41. a4 Ra2 42. a5 Ra3+ 43. Kd2 Ra2+ 44. Ke3
Ra3+ 45. Kd2 Ra2+ 1/2-1/2